00493cam a2200169ua 45000010005000000080039000050400009000440820013000531000016000662450076000822500009001582600035001673000017002026530019002196530060002387000025002982817120113n ii |||gr||||Z||||||asm cMAIN a891.4521 aMadhavdeva,11aChordhara aru pimpora gusua jhumura aru ajyodhya kanda cby Madhavdeva, a2nd. aGuahati:bJyoti prakashan,994. a214p:c23cm. aAssamese drama aChordhara aru pimpora gusua jhumura aru ajyodhya kanda  aKandali, Madhavdeva,